000 00347nam a2200133Ia 4500
008 240624s9999 xx 000 0 und d
041 _aeng
082 _a891.46 KUL
100 _aKULKARNI V D
245 _aSWATANTRAYVEER SAWARKAR EK CHINTAN
260 _c2004
_aPune
_bPadmgandha Prakashan
300 _axii, : 88 : p. : cm. ; 21
365 _cRS
_b20
999 _c6922
_d6922